| 000 | 00492nam a2200145 i 4500 | ||
|---|---|---|---|
| 001 | 39935 | ||
| 003 | ES-MaACL | ||
| 007 | t| | ||
| 008 | 030304s1955 sp ||||1| spa d | ||
| 100 | 1 |
_aCarro y Carro, Julio. _935834 |
|
| 245 | 1 | 0 |
_aMargaratería, el Bierzo, Galicia, Siria y Palestina en antigua y desconocida ligazón / _cpor Julio Carro y Carro. |
| 260 |
_aMadrid : _b[s.n., _c1955] ( _fMaribel Art. Gráf.) |
||
| 300 |
_a169 p., 20 lám. ; _c19 cm. |
||
| 852 |
_aES-MaACL _jC-9695 _bR.37632 |
||
| 999 |
_c39935 _d39935 |
||